| 000 | 01048nam a2200301 a 4500 | ||
|---|---|---|---|
| 999 |
_c128432 _d128432 |
||
| 001 | 631603 | ||
| 003 | ARRUPE | ||
| 005 | 20181023111430.0 | ||
| 008 | 920707s1987 nyuaf b 000 0 eng | ||
| 010 | _a 92929508 | ||
| 040 |
_aDLC _cDLC |
||
| 043 |
_aa-cb--- _aa-th--- |
||
| 050 | 0 | 0 |
_aHV640.5.C35 _bS451 1987 |
| 110 | 2 |
_aLawyers Committee for Human Rights (U.S.) _943083 |
|
| 245 | 1 | 0 |
_aSeeking shelter : _bCambodians in Thailand : a report on human rights. _cLawyers Committee for Human Rights (U.S.) |
| 260 |
_aNew York : _bLawyers Committee for Human Rights, _cc1987. |
||
| 300 |
_aii, 106, 8 p., [8] p. of plates : _bill. ; _c23 cm. |
||
| 500 | _aIncludes bibliographical references. | ||
| 650 | 0 |
_aRefugees _zCambodia. _942918 |
|
| 650 | 0 |
_aRefugees _zThailand. _943084 |
|
| 650 | 0 |
_aCambodians _zThailand. _943085 |
|
| 650 | 0 |
_aRefugee camps _zThailand. _943086 |
|
| 740 | 0 | _aCambodians in Thailand. | |
| 906 |
_a7 _bcbc _corignew _d3 _encip _f19 _gy-gencatlg |
||
| 942 |
_2lcc _cMONOGRAPH |
||